| 000 | 01406nam a2200361Ia 4500 | ||
|---|---|---|---|
| 001 | ebr10110775 | ||
| 003 | CaPaEBR | ||
| 006 | m u | ||
| 007 | cr cn||||||||| | ||
| 008 | 020130s2001 wiu s 000 0 eng d | ||
| 020 | _z9781930919181 | ||
| 020 | _z1930919042 | ||
| 020 | _z1930919182 (eBook) | ||
| 040 |
_aCaPaEBR _cCaPaEBR |
||
| 035 | _a(OCoLC)70070213 | ||
| 050 | 1 | 4 |
_aQA76.9.D3 _bW56 2001eb |
| 082 | 0 | 4 |
_a005.75/65 _221 |
| 100 | 1 | _aWinegarden, Cindy. | |
| 245 | 1 | 0 |
_aVisual FoxPro certification exams study guide _h[electronic resource] / _cCindy Winegarden, Evan Delay. |
| 260 |
_aWhitefish Bay, Wis. : _bHentzenwerke Publishing, _cc2001. |
||
| 300 | _a187 p. | ||
| 500 | _aTitle from title screen. | ||
| 533 |
_aElectronic reproduction. _bPalo Alto, Calif. : _cebrary, _d2009. _nAvailable via World Wide Web. _nAccess may be limited to ebrary affiliated libraries. |
||
| 630 | 0 | 0 | _aVisual FoxPro for Windows. |
| 650 | 0 |
_aComputer programmers _xCertification _vStudy guides. |
|
| 650 | 0 | _aDatabase management. | |
| 650 | 0 |
_aElectronic data processing personnel _xCertification. |
|
| 650 | 0 | _aObject-oriented programming (Computer science) | |
| 655 | 7 |
_aElectronic books. _2local |
|
| 700 | 1 | _aDelay, Evan. | |
| 710 | 2 | _aebrary, Inc. | |
| 856 | 4 | 0 |
_uhttp://site.ebrary.com/lib/rucke/Doc?id=10110775 _zAn electronic book accessible through the World Wide Web; click to view |
| 999 |
_c211903 _d211903 |
||